Jednostki miary - Statystyki

Ogólne statystyki
  • Ten quiz został rozwiązany 104 razy
  • Średni wynik to 6 z 12
Statystyki odpowiedzi
Jednostki miary % Poprawnych
kilometr
92%
metr
92%
milimetr
92%
centymetr
91%
decymetr
79%
mila
54%
stopa
37%
cal
36%
rok świetlny
21%
mila morska
20%
jard
18%
jednostka astronomiczna
7%
Nie znaleziono quizów pasujących do podanych kryteriów
Rozkład punktacji
Procent ludzi z każdym wynikiem
Percentyl według liczby udzielonych odpowiedzi
Twoja historia wyników
Nie rozwiązałeś tego quizu